1685 1343 1192 1682 1014 1210 1361 1038 1190 1718 1843 1042 1949 1950 1535 1540 1791 1081 1010 1104 1796 1707 1738 1972 1574 1324 1567 1267 1835 1328 1537 1588 1751 1311 1433 1786 1731 1385 1238 1396 1046 1228 1087 1129 1713 1291 1325 1577 1550 1838 1304 1212 1115 1503 1955 1165 1620 1615 1890 1630 1201 1851 1802 1603 1317 1334 1063 1656 1143 1532 1058 1098 1091 1386 1457 1582 1938 1184 1861 1090 1227 1799 1972 1469 1613 1213 1699 1350 1025 1770 1752 1140 1784 1429 1111 1823 1945 1628 1076 BCNSPRNW ULIB Ver.6.0+V

เปลี่ยนเป็นภาษาไทย

Change to English
 แสดงรายละเอียดบรรณานุกรม
  กลับหน้าหลัก

Brief Record : Get Marc (ISO 2709) : E-mail record : QR code < ปิดหน้าต่าง
LEADER : 00000nam 2200000uu 4500
001    13399128155
003     ULIB
008    220727s2564||||th 000 0 tha d
020 ^- ^a9786160043842
050 04 ^aนว^bซ116น
100 ^- ^aซ่อนกลิ่น
245 ^- ^aน่าน ฟ้า ชลาลัย/^cซ่อนกลิ่น
260 ^- ^aกรุงเทพฯ :^bพิมพ์คำ,^c2564
300 ^- ^a640 หน้า ;^c21 ซม.
650 ^4 ^aนวนิยายไทย
945    ^p440^l0^i009249
999    ^aประนอม เกษจรัล
รายการนี้ยังไม่มีแท็ก
คุณยังไม่ได้ล็อกอิน คุณสามารถมีกิจกรรมร่วมกับเว็บไซต์ได้ แต่ต้องล็อกอินก่อน ::
  ล็อกอิน

รายการสื่อสารสนเทศ

ลำดับที่ ประเภท เลขเรียก/บาร์โค้ด สถานที่ สถานะ
1. นวนิยาย
นวนิยาย
นว ซ116น ฉ.1 
  Barcode: 009249
ห้องสมุดวิทยาเขตสวรรค์ประชารักษ์
►นวนิยาย
บนชั้น
  ขอยืม

รายการใกล้เคียง
    ผู้แต่ง [ซ่อนกลิ่น]

    หัวเรื่อง [นวนิยายไทย]

BibComment


ยังไม่เคยถูกคอมเมนท์

คอมเมนท์ทรัพยากรรายการนี้
  คอมเมนท์: น่าน ฟ้า ชลาลัย ..


 Copyright 2026. Bcnsprnw @Library